Výtvarná Dubnica 79

Bibliographic Details
Main Author: Hvožďara, Ľubomír R. (Author)
Format: Article
Language:Slovak
Subjects:

MARC

LEADER 00000nab a2200000 a 4500
001 vtls000052293
003 SK-MaSNL
005 20260304070425.0
008 250423c1980 xo 0 slo
015 |a SNBRB19rr/mm-uuuuu 
035 |a CL0062390 
035 |a urn:nbn:sk:snk-ab1ek 
035 |a (urnnbn)urn:nbn:sk:snk:ar-0056so 
035 |a (uuid)0d044c9e-a86b-46cf-ae98-485affc1bf31 
040 |a SNKBUCL  |b slo  |c SNKBUCL  |e AACR2 
041 0 |a slo 
044 |a xo  |c SK 
080 |a 73/76  |2 1981 
100 1 |a Hvožďara, Ľubomír R.  |4 aut  |9 944254 
245 1 0 |a Výtvarná Dubnica 79  |c Ľubomír R. Hvožďara 
611 2 7 |a Výtvarná Dubnica  |n (17. :  |d 1979 :  |c Dubnica nad Váhom, Slovensko)  |2 snkbucl  |9 1005710 
650 0 7 |a amatérske výtvarné umenie  |2 snkbucl  |9 74225 
651 7 |a Dubnica nad Váhom (Slovensko)  |2 snkbucl  |9 58303 
655 7 |a články z novín a časopisov  |2 snkbucl  |9 267496 
773 0 |t Výtvarný život  |g Roč. 25, č. 1 (1980), s. 36 
850 |a Slovenská národná knižnica 
852 |a Slovenská národná knižnica 
954 |a odborná, vedecká literatúra pôvodná (slovenská)  |2 lita 
958 |a article27 
958 |a OND 
958 |a EUIPO 
992 |a RBX 
999 |c 2755721  |d 2757651